Encomienda y conquista: los inicios de la colonización en Guatemala
Сохранить в:
| Главный автор: | |
|---|---|
| Формат: | |
| Язык: | испанский |
| Опубликовано: |
Sevilla
Universidad de Sevilla
1977
|
| Серии: | Seminario de Antropología Americana, 14
|
| Предметы: | |
| Метки: |
Добавить метку
Нет меток, Требуется 1-ая метка записи!
|
MARC
| LEADER | 00000nam a2200000 a 4500 | ||
|---|---|---|---|
| 001 | UCR0554 | ||
| 003 | CL-VaPUC | ||
| 008 | 971205e19770000SP |||||||||||||||||spa|d | ||
| 082 | 0 | 4 | |a 972.81 |b ROD |2 21 |
| 100 | 0 | |a Rodríguez Becerra, Salvador |e author |9 396369 | |
| 245 | 1 | 0 | |a Encomienda y conquista: los inicios de la colonización en Guatemala |
| 300 | |a 200 p | ||
| 942 | |c BK | ||
| 945 | |d 19971205 00:00:00 |a cmena | ||
| 260 | |a Sevilla |b Universidad de Sevilla |c 1977 | ||
| 650 | 7 | |a HISTORIA GUATEMALTECA |2 CL-VaPUC |9 396370 | |
| 650 | 0 | |a Epoca colonial |9 352022 | |
| 650 | 0 | |a Investigación histórica |9 344844 | |
| 650 | 7 | |a INDIOS |2 CL-VaPUC |9 258588 | |
| 650 | 0 | |a Esclavitud |9 323605 | |
| 650 | 0 | |a Aspectos económicos |9 255165 | |
| 650 | 0 | |a Encomiendas |9 258557 | |
| 650 | 0 | |a Iglesia y Estado |9 254995 | |
| 650 | 7 | |a CEDULARIO INDIANO |2 CL-VaPUC |9 396371 | |
| 651 | 0 | |a Guatemala |9 258335 | |
| 583 | |a last modification |c 19971205 00:00:00 |k Rodrigo Vera | ||
| 490 | 0 | |a Seminario de Antropología Americana, 14 | |
| 999 | |c 264055 |d 264053 | ||
| 952 | |0 0 |1 0 |4 0 |6 972_810000000000000_ROD_1977 |7 0 |8 DER_HDC |9 293649 |a BIBDER |b BIBDER |d 2019-11-19 |i 1908715 |o 972.81 ROD 1977 |p 1908715 |r 2023-01-25 |w 2019-11-19 |x Ubicación 4to Piso |y BK |z Estos recursos deben solicitarse con anticipación |k DER | ||